Sapienza en América Latina : (Registro nro. 1704)

Detalles MARC
000 -CABECERA
campo de control de longitud fija 00911nam a2200205Ia 4500
003 - IDENTIFICADOR DEL NÚMERO DE CONTROL
campo de control AR-RoIUNI
005 - FECHA Y HORA DE LA ÚLTIMA TRANSACCIÓN
campo de control 20251125112715.0
007 - CAMPO FIJO DE DESCRIPCIÓN FÍSICA--INFORMACIÓN GENERAL
campo de control de longitud fija ta
008 - DATOS DE LONGITUD FIJA--INFORMACIÓN GENERAL
campo de control de longitud fija 150616s2012 it o fr 001 0 spa d
040 ## - FUENTE DE LA CATALOGACIÓN
Centro/agencia transcriptor AR-RoIUNI
040 ## - FUENTE DE LA CATALOGACIÓN
Centro/agencia modificador OCLC
Centro/agencia transcriptor AR-RoIUNI
080 ## - NÚMERO DE LA CLASIFICACIÓN DECIMAL UNIVERSAL
Número de la Clasificación Decimal Universal 378 SAP
245 1# - MENCIÓN DE TÍTULO
Título Sapienza en América Latina :
Resto del título convenios de cooperación cultural y científica: programas, proyectos y actividades. /
Mención de responsabilidad, etc. Edit. Giovanni Maria Vianello.
260 ## - PUBLICACIÓN, DISTRIBUCIÓN, ETC. (PIE DE IMPRENTA)
Lugar de publicación, distribución, etc. Roma:
Nombre del editor, distribuidor, etc. Sapienza Università di Roma
Fecha de publicación, distribución, etc. 2012
300 ## - DESCRIPCIÓN FÍSICA
Extensión 200 p. :
Otras características físicas Fot. ;
Dimensiones 21 cm.
520 ## - SUMARIO, ETC.
Sumario, etc. Sapienza, Università di Roma tiene convenios de cooperación cultural y científica con instituciones de América Latina, que abarcan programas de intercambio estudiantil y de personal docente, proyectos de investigación conjuntos y diversas actividades académicas
650 10 - PUNTO DE ACCESO ADICIONAL DE MATERIA--TÉRMINO DE MATERIA
9 (RLIN) 489
Término de materia o nombre geográfico como elemento inicial Educación Superior
700 ## - PUNTO DE ACCESO ADICIONAL--NOMBRE DE PERSONA
Nombre de persona Vianello, Giovanni María
Término indicativo de función/relación edit.
942 ## - ELEMENTOS DE PUNTO DE ACCESO ADICIONAL (KOHA)
Tipo de ítem Koha Libros
Fuente del sistema de clasificación o colocación Clasificación Decimal Universal
Existencias
Estado de retiro Estado de pérdida Fuente del sistema de clasificación o colocación Estado dañado Excepción de préstamo Código de colección Localización permanente Ubicación/localización actual Ubicación en estantería Fecha de adquisición Número de inventario Total de préstamos Signatura topográfica completa Código de barras Fecha visto por última vez Precio válido a partir de Tipo de ítem Koha
    Clasificación Decimal Universal     Metodología BIBLIOTECA CENTRAL BIBLIOTECA CENTRAL BIBLIOTECA CENTRAL 08/01/2019 1705   378 SAP 1705c 16/06/2015 16/06/2015 Libros
    Clasificación Decimal Universal     Humanistica BIBLIOTECA CRESPO BIBLIOTECA CRESPO BIBLIOTECA CRESPO 08/01/2019 4784   378.1 (4 : 7/8) SAP 4784c 08/01/2019 08/01/2019 Libros